Employee morale : concepts and cases (Record no. 183685)

MARC details
000 -LEADER
fixed length control field 00409nam a2200157Ia 4500
005 - DATE AND TIME OF LATEST TRANSACTION
control field 20250319152900.0
008 - FIXED-LENGTH DATA ELEMENTS--GENERAL INFORMATION
fixed length control field 231217s9999 xx 000 0 und d
020 ## - INTERNATIONAL STANDARD BOOK NUMBER
International Standard Book Number 9788131419953
082 ## - DEWEY DECIMAL CLASSIFICATION NUMBER
Classification number 658.314 SAN;1 R
100 ## - MAIN ENTRY--PERSONAL NAME
Personal name Sangeetha, K.
245 #0 - TITLE STATEMENT
Title Employee morale : concepts and cases
260 ## - PUBLICATION, DISTRIBUTION, ETC. (IMPRINT)
Date of publication, distribution, etc. 2008
Name of publisher, distributor, etc. ICFAI Press
Place of publication, distribution, etc. Hyderabad
300 ## - PHYSICAL DESCRIPTION
Extent viii+227
650 ## - SUBJECT ADDED ENTRY--TOPICAL TERM
Topical term or geographic name as entry element Employee,concepts
942 ## - ADDED ENTRY ELEMENTS (KOHA)
Koha item type Books
Holdings
Date last seen Total Checkouts Full call number Accession number Old discount Uniform Resource Identifier Cost, replacement price Price effective from Category Lost status Damaged status Department Withdrawn status bill no. bill date Permanent Location Current Location Shelving location Entry date Vendor Cost, normal purchase price Grants Currency symbol Conversion rate Discount Discount type
26/01/2024   658.314 SAN;1 R 55339 20 digital/contents/55339.pdf 340.00 26/01/2024 Books     MBA   147/ICFAI/09-10/BLR 28/02/2013 Central Library Central Library MBA 07/08/2009 ICFAI Press 425.00 MBA RS 1 85 Rupees

© For any Suggestions or Query, please contact the library staff @ librarian@pes.edu or Phone: +9180 2672 1983/ 2108.